| 000 | 00801nam a2200229 a 4500 | ||
|---|---|---|---|
| 001 | 40208 | ||
| 003 | BD-RjUL | ||
| 005 | 20211209053148.0 | ||
| 008 | 160424s1958 ii ||||| |||| 00| 0 ben d | ||
| 020 | _c: IRs 2.50 | ||
| 035 | _a(BD-RjUL)40323 | ||
| 040 |
_aBD-RjUL _bben _cBD-RjUL |
||
| 041 | _aben | ||
| 082 |
_223 _a891.443 _bROS 1958 |
||
| 100 |
_aরায়, শ্রীমতী বাণী _9123826 |
||
| 245 | 1 | 0 |
_aশ্রীলতা ও সম্পা / _cশ্রীমতী বাণী রায় |
| 260 |
_aকলিকাতা : _bমিত্র ও ঘোষ, _c১৯৫৮ ? |
||
| 300 |
_a[৮], ১১৯ পৃ. ; _c১৯ সেমি. |
||
| 650 |
_aবাংলা উপন্যাস _9123827 |
||
| 650 |
_aBengali Fiction _9123828 |
||
| 942 |
_2ddc _cBK |
||
| 999 |
_c40208 _d40208 |
||